000 00711nam a2200229 4500
003 OSt
005 20240731061008.0
006 a
008 240731b |||||||| |||| 00| 0 eng d
020 _a0471785911
040 _aDWCL-Main lib.
_cOC
082 _aCirc. 346.163 F845 2006
100 _aTommie Singleton
245 _aFraud auditing and forensic accounting /
260 _aN.J. :
_bJohn Wiley & Sons, Inc. ,
_cc2006.
300 _ax,
_b326 p. : ill. ;
_c24 cm.
504 _aIncludes index.
650 _a1. Whit collar crime investigation-United States.
650 _a2. Forensic accounting-United states.
650 _a3. Fraud investigation-United States.
942 _2ddc
_n0
_cBK-CIRC
_kCirc.
999 _c3037
_d3037